[Event "Udaipur Lakecity op 3rd"]
[Site "Udaipur"]
[Date "2019.03.28"]
[Round "2"]
[White "Sudhanshu, Ranjan"]
[Black "Chouhan, NC."]
[Result "0-1"]
[WhiteElo "2056"]
[BlackElo "1473"]
[PlyCount "120"]
[EventDate "2019.03.28"]
[EventType "swiss"]
[EventRounds "8"]
[EventCountry "IND"]
[SourceTitle "CBM 189 Extra"]
[Source "ChessBase"]
[SourceDate "2019.06.03"]
[SourceVersion "1"]
[SourceVersionDate "2019.06.03"]
[SourceQuality "1"]

1. d4 Nf6 2. c4 g6 3. Nc3 d5 4. cxd5 Nxd5 5. e4 Nxc3 6. bxc3 Bg7 7. Bc4 c5 8. Ne2 Nc6 9. Be3 cxd4 10. cxd4 0-0 11. 0-0 e6 12. Rc1 Na5 13. Bd3 b6 14. Qd2 Bb7 15. Bh6 Rc8 16. Bxg7 Kxg7 17. Rxc8 Qxc8 18. Rc1 Qd7 19. f3 Rc8 20. Rxc8 Qxc8 21. Qb2 Kg8 22. Qc3 Qxc3 23. Nxc3 a6 24. Kf2 Kf8 25. Ke3 Ke7 26. h4 h6 27. g4 b5 28. a3 g5 29. h5 f6 30. e5 Bd5 31. f4 Nc6 32. fxg5 fxg5 33. a4 bxa4 34. Nxa4 a5 35. Bc2 Nb4 36. Be4 Bb3 37. Nc3 a4 38. Kd2 a3 39. Kc1 a2 40. Kb2 Bc4 41. Ka1 Kd7 42. Kb2 Kc7 43. Ka1 Kd7 44. Kb2 Ke7 45. Ka1 Kf8 46. Kb2 Kf7 47. Ka1 Bd5 48. Nxd5 exd5 49. Bg6+ Ke6 50. Bh7 Kf7 51. Bf5 Ke7 52. Bh7 Nc6 53. Kxa2 Nxd4 54. Bg8 Nf3 55. Kb3 Nxe5 56. Bxd5 Nxg4 57. Kc3 Kf6 58. Kd4 Kf5 59. Be4+ Kf4 60. Bg6 Nf6 0-1